000 00894nam a2200253Ia 4500
003 OSt
005 20221005113259.0
006 a|||||r|||| 00| 0
007 ta
008 221004b |||||||| |||| 00| 0 pan d
020 _a9788130202778 (hbk)
_c450
024 _a17784
037 _b901, 11/03/2015, H.K. Prakashan
_cTextual
040 _aCRL
_cCRL
_bpan
041 _2pan
_apan
082 _aQ8441xK66, 153Q4
100 _aਸਿੰਘ, ਸਰਬਜਿੰਦਰ, ਥਦ.
245 0 _aਸ੍ਰੀ ਗੁਰੂ ਗੋਬਿੰਦ ਸਿੰਘ
260 _aਪਟਿਆਲਾ
_bਪੰਜਾਬੀ ਯੂਨੀਵਰਸਿਟੀ ਭਾਰਤ
_c2014
300 _a314ਪੰ
_ccm.
650 _aਧਰਮ
942 _hQ8441xK66, 153Q4
_cTEXL
_2cc
999 _c1027636
_d1027636